LEADER 02957nam 2200649Ia 450 001 9910458781303321 005 20200520144314.0 010 $a1-283-01572-2 010 $a9786613015723 010 $a1-4411-2311-3 035 $a(CKB)2560000000060850 035 $a(EBL)661042 035 $a(OCoLC)705538270 035 $a(SSID)ssj0000474127 035 $a(PQKBManifestationID)12130904 035 $a(PQKBTitleCode)TC0000474127 035 $a(PQKBWorkID)10453805 035 $a(PQKB)10661760 035 $a(MiAaPQ)EBC661042 035 $a(Au-PeEL)EBL661042 035 $a(CaPaEBR)ebr10448482 035 $a(CaONFJC)MIL301572 035 $a(OCoLC)893335417 035 $a(EXLCZ)992560000000060850 100 $a20100713d2011 uy 0 101 0 $aeng 135 $aur|n|---||||| 181 $ctxt 182 $cc 183 $acr 200 14$aThe university in translation$b[electronic resource] $ethe internationalization of higher education /$fSuzy Harris 210 $aNew York, NY $cContinuum International Pub. Group$dc2011 215 $a1 online resource (142 p.) 300 $aDescription based upon print version of record. 311 $a1-4411-9532-7 311 $a1-84706-227-X 320 $aIncludes bibliographical references and index. 327 $aContents; Acknowledgements; Foreword; A Prefatory Note; Part One: Policy; 1 A Tower of Achievement; 2 The Transformation of Higher Education; Part Two: Language; 3 Students' Experiences in Translation; 4 An International Lexicon; Part Three: Translation; 5 The Crisis of Judgement; 6 The University in Translation; Bibliography; Index; A; B; C; D; E; F; G; H; I; J; K; L; M; N; O; P; Q; R; S; T; U; W 330 $aWhat is the purpose of the university in a globalized and internationalized world? How do we talk about higher education? How is language used in higher education?. An instrumentalist and technical language - of 'impacts', 'outcomes', and 'targets' - has come to pervade political and educational discourse. Apparently more reliable than ordinary language, this technical discourse seems to promise a new objectivity in which everything that we need to know can be calculated and measured. Suzy Harris argues that the kind of language we use is critical to the kind of education we have, and that the 606 $aStudents, Foreign 606 $aEducation, Higher$xAims and objectives 606 $aLanguage and education 606 $aEducation and globalization 608 $aElectronic books. 615 0$aStudents, Foreign. 615 0$aEducation, Higher$xAims and objectives. 615 0$aLanguage and education. 615 0$aEducation and globalization. 676 $a378/.016 700 $aHarris$b Suzy$0920846 801 0$bMiAaPQ 801 1$bMiAaPQ 801 2$bMiAaPQ 906 $aBOOK 912 $a9910458781303321 996 $aThe university in translation$92065409 997 $aUNINA LEADER 01629oam 2200445Ia 450 001 9910696365903321 005 20080110150006.0 035 $a(CKB)5470000002377171 035 $a(OCoLC)57345441 035 $a(EXLCZ)995470000002377171 100 $a20041229d2004 ua 0 101 0 $aeng 135 $aurmn||||||||| 181 $ctxt$2rdacontent 182 $cc$2rdamedia 183 $acr$2rdacarrier 200 10$aStreamwater quality data from the 2002 Hayman, Hinman, and Missionary Ridge Wildfires, Colorado, 2003$b[electronic resource] /$fby Anthony J. Ranalli and Michael R. Stevens 210 1$a[Reston, Va.] :$cU.S. Geological Survey,$d2004. 215 $a1 electronic text (5 pages) $cHTML, digital, PDF file 225 1 $aData series ;$v109 300 $aTitle from PDF title screen (viewed Dec. 29, 2004). 320 $aIncludes bibliographical references (page 2). 517 1 $aWater resources of Colorado 606 $aForest fires$xEnvironmental aspects$zColorado 606 $aWildfires$xEnvironmental aspects$zColorado 606 $aWater quality$zColorado 615 0$aForest fires$xEnvironmental aspects 615 0$aWildfires$xEnvironmental aspects 615 0$aWater quality 700 $aRanalli$b Anthony J$01413742 701 $aStevens$b Michael R$01385401 712 02$aGeological Survey (U.S.) 801 0$bGIS 801 1$bGIS 801 2$bOCLCQ 801 2$bGPO 906 $aBOOK 912 $a9910696365903321 996 $aStreamwater quality data from the 2002 Hayman, Hinman, and Missionary Ridge Wildfires, Colorado, 2003$93510898 997 $aUNINA